| 000 | 00393nam a2200121Ia 4500 | ||
|---|---|---|---|
| 008 | 160523s9999 xx 000 0 und d | ||
| 100 | _aStefanov, Stoyan. | ||
| 245 | _aBook Of Speed: The business, psychology and technology of high-performance web apps | ||
| 245 | _c Stoyan Stefanov. | ||
| 260 | _c2012 | ||
| 650 | _xInformation Technology. | ||
| 856 | _uhttp://www.bookofspeed.com/index.html | ||
| 999 |
_c294744 _d294744 |
||